Państwa bloku wschodniego na dzisiejszej mapie - Statystyki

Ogólne statystyki
  • Ten quiz został rozwiązany 25 razy
  • Średni wynik to 15 z 15
Odpowiedzi na mapie
Odpowiedzi zakodowano w zielono-czerwonej skali na mapie do tego quizu, zgodnie z poniższymi procentami.
 
Statystyki odpowiedzi
Odpowiedź % Poprawnych
Białoruś
100%
Czechy
100%
Estonia
100%
Litwa
100%
Łotwa
100%
Polska
100%
Rosja
100%
Rumunia
100%
Słowacja
100%
Ukraina
100%
Węgry
100%
Bułgaria
95%
Mołdawia
95%
Albania
82%
Niemcy
77%
Nie znaleziono quizów pasujących do podanych kryteriów
Rozkład punktacji
Procent ludzi z każdym wynikiem
Percentyl według liczby udzielonych odpowiedzi
Twoja historia wyników
Nie rozwiązałeś tego quizu